00404 a2200121 4500001001000000005001700010008004100027245008800068100002200156700004200178773004500220999001700265ART_3304320260410161926.0260409a 10aRegulación de mercado de capitales y financieros luego de la crisis internacional1 aFerrer, Nicolás1 aRodríguez de Sanctis, María Laura0 tLecturasg- Nº 18 (ene. 2015)wREV19328 c28177d28177